000 00797nam a2200253 i 4500
001 9325
003 ES-MaACL
005 20230906145642.0
007 t|
008 930805s1988 sp |||| | spa d
020 _a84-86524-70-9
080 _a379.8
100 1 _aCembranos, Fernando.
_937389
245 1 3 _aLa animación sociocultural
_b: una propuesta metodológica /
_cFernando Cembranos, David H. Montesinos y María Bustelo.
260 _aMadrid :
_bEditorial Popular,
_cD.L. 1988.
300 _a238 p. ;
_c21 cm.
490 1 _aPromoción cultural ;
_v7
650 _aAnimación cultural.
_99828
700 1 _aMontesinos, David H.
_982593
700 1 _aBustelo, María.
_932895
830 0 _aPromoción cultural ;
_v7
_9178654
852 _aES-MaACL
_jL-16777
999 _c9325
_d9325